Loading...
| Science - Chemistry | 0 | 6 | 2 | 0 | 50 | 22 | 58.83 | 1 | 4 |
| Science - Biology | 0 | 4 | 0 | 0 | 40 | 57 | 76.50 | 0 | 2 |
| Fine Arts - Classical Music | 0 | 3 | 0 | 1 | 30 | 85 | 116.67 | 0 | 0 |
| Social Science | 0 | 2 | 0 | 0 | 20 | 56 | 59.00 | 1 | 2 |
| Fine Arts - Other Fine Arts | 0 | 2 | 0 | 0 | 20 | 100 | 116.50 | 0 | 0 |
| History - World History | 0 | 2 | 0 | 0 | 20 | 54 | 86.50 | 0 | 0 |
| Religion | 0 | 2 | 0 | 0 | 20 | 48 | 78.50 | 0 | 1 |
| History - Other History | 0 | 1 | 0 | 0 | 10 | 84 | 84.00 | 0 | 0 |
| Literature - British Literature | 0 | 1 | 0 | 0 | 10 | 74 | 74.00 | 0 | 0 |
| Mythology | 0 | 1 | 0 | 0 | 10 | 24 | 24.00 | 1 | 1 |
| Science - Physics | 0 | 1 | 1 | 0 | 5 | 89 | 89.00 | 0 | 0 |
| Literature - European Literature | 0 | 0 | 0 | 0 | 0 | 0.00 | 0 | 0 | |
| Science - Other Science | 0 | 1 | 2 | 1 | 0 | 118 | 118.00 | 0 | 0 |